| 000 | 01281nam a2200337 c 4500 | ||
|---|---|---|---|
| 003 | BLK | ||
| 005 | 20181012114349.0 | ||
| 008 | 180411b bul|||||r ||||||| ||bul|| | ||
| 010 | _aKNG00187802000 | ||
| 020 |
_a978-619-157-151-2 _bиздат.: Ибис |
||
| 040 | _aBLK | ||
| 041 |
_aBUL _cBUL |
||
| 072 | 7 |
_2bullib _aН83 _xЧужда художествена литература Н |
|
| 080 |
_aАмериканска литература (на САЩ) _b821.111(73) _x-31 _z821.111(73)-31 |
||
| 100 | 1 |
_aДеър, Теса _eпърви автор _960346 |
|
| 700 | 1 |
_aПетрова, Юлиана _eпрев. _9382856 |
|
| 139 |
_aДеър, Теса _bД 47 |
||
| 245 | 1 | 0 |
_aСладко поражение _cТеса Деър; прев. Юлиана Петрова. |
| 257 | _aUSA | ||
| 260 |
_аСофия _bИбис _c2016 _fСофия : Симолини |
||
| 300 |
_a318 с. _c21 см |
||
| 380 | _aX | ||
| 490 | 1 | _aКолекция Златни исторически любовни романи | |
| 500 | _aОриг. загл.: A night to surrender / Tessa Dare | ||
| 659 | _aН | ||
| 852 | _aЦб 280506 | ||
| 856 | 4 |
_qpdf _u |
|
| 856 | 4 |
_qpdf _u |
|
| 942 |
_cKNG _n0 _08 |
||
| 944 |
_aCR _c16.05.2016 _kВиолета_Тройчева |
||
| 944 |
_aED _c09.12.2016 _kВиолета_Тройчева |
||
| 999 |
_c179038 _d179038 |
||